000 00178 a2200097 4500
020 _a9780399154911
041 _aeng
100 _aRoberts, Nora
245 _aTribute
942 _cBK
999 _c29562
_d29560